000 00610nam a2200229Ia 4500
003 OSt
005 20221007074923.0
006 a|||||r|||| 00| 0
007 ta
008 221006b |||||||| |||| 00| 0 eng d
024 _a14,255
037 _cTextual
040 _aFLL
_cFLL
_beng
041 _2eng
_aeng
082 _aX:517:Z2q, N2
100 _aRangarajan S. Au.
245 0 _aUnfair trade practices
260 _aNew Delhi
_bBahri Brothers pub. India
_c1992
300 _axxix,5.254p
_ccm.
942 _hX:517:Z2q, N2
_cTEXL
_2CC
999 _c1154157
_d1154157